[Event "Mechanics' Summer TNM; G/2 d/5"]
[Site "San Francisco"]
[Date "2018.06.19"]
[Round "4.32"]
[White "Perlov, Alexander"]
[Black "Temple, Jason Todd"]
[Result "1-0"]
[WhiteElo "1662"]
[BlackElo "1296"]
[PlyCount "65"]
[EventDate "2018.??.??"]
[Source "ChessBase"]
[SourceDate "2007.09.04"]

1. d4 g6 2. c4 Bg7 3. Nf3 Nh6 4. Nc3 d6 5. e4 O-O 6. Be2 f5 7. Bg5 Nf7 8. Bd2
fxe4 9. Nxe4 Nc6 10. Bc3 Bg4 11. O-O e5 12. d5 Ne7 13. Nfg5 Nxg5 14. Nxg5 Nxd5
15. Qxd5+ Kh8 16. Ne6 Bxe6 17. Qxe6 Rf6 18. Qh3 Qg8 19. Rad1 Raf8 20. f4 Rxf4
21. Rxf4 Rxf4 22. Bd3 Bf6 23. Qe3 Qf8 24. Rf1 Qh6 25. Rxf4 Bg5 26. Rf8+ Kg7 27.
Qf3 Qh4 28. Qf7+ Kh6 29. Rh8 Be3+ 30. Kh1 Qg4 31. Rxh7+ Kg5 32. Qxg6+ Kf4 33.
Rf7+ 1-0

[Event "Mechanics' Vartan Bedjanian TNM; G/2 d/"]
[Site "San Francisco"]
[Date "2018.11.07"]
[Round "3.15"]
[White "Perlov, Alexander"]
[Black "Winslow, Elliott C"]
[Result "0-1"]
[WhiteElo "1689"]
[BlackElo "2308"]
[Annotator "Winslow,Elliott"]
[PlyCount "86"]
[EventDate "2018.??.??"]
[Source "ChessBase"]
[SourceDate "2007.09.04"]

1. Nf3 c5 2. d4 cxd4 3. Nxd4 Nc6 4. e4 Nf6 5. Nc3 e5 6. Ndb5 d6 7. Nd5 Nxd5 8.
exd5 Nb8 9. c4 Be7 (9... a6) 10. Bd3 O-O (10... a6 $1) 11. O-O (11. c5) 11...
a6 12. Nc3 Nd7 $6 (12... f5 $1 13. f3 (13. f4 Nd7 14. Kh1 g6 (14... e4 15. Be2
Bf6)) (13. Kh1 Nd7 14. f4 e4 15. Bc2 $6 Bf6) 13... Nd7 (13... Bg5)) 13. b4 (13.
Qc2 $1 g6 14. Bh6 Re8 15. Qd2 $1 $14 (15. f4 f5 $1)) 13... a5 (13... f5) 14.
bxa5 Nc5 15. Be3 Rxa5 16. f4 f5 17. fxe5 dxe5 18. Nb5 Bd6 19. Bc2 b6 20. Bd2
Ra8 21. a4 Nb7 22. Qh5 Bc5+ 23. Kh1 Nd6 24. Bg5 Qd7 25. Qe2 Nxb5 26. axb5 Rxa1
27. Rxa1 Bd4 28. Ra4 Qc7 29. Be3 Bxe3 30. Qxe3 Bd7 31. Bb3 f4 32. Qf2 Kh8 $6
33. Ra6 $2 (33. Bc2 $14) 33... Rb8 $2 (33... e4 $17 34. Qd4 f3 $19) 34. Kg1
Bxb5 35. cxb5 Qc1+ 36. Qf1 Qe3+ 37. Qf2 Qxb3 38. Qxb6 Qd1+ 39. Kf2 Qc2+ 40. Kf3
Rc8 (40... e4+ $1 41. Kxf4 g5+ 42. Kf5 Rxb6 {whoops}) 41. Qc6 Rxc6 42. dxc6 h5
43. Ra7 Qd3+ 0-1

[Event "Mechanics' Summer TNM; G/2 d/5"]
[Site "San Francisco"]
[Date "2018.06.05"]
[Round "2.25"]
[White "Persidsky, Andre"]
[Black "Allen, Tom Carter"]
[Result "1-0"]
[WhiteElo "1846"]
[BlackElo "1402"]
[PlyCount "29"]
[EventDate "2018.??.??"]
[Source "ChessBase"]
[SourceDate "2007.09.04"]

1. d4 Nf6 2. c4 e5 3. dxe5 Ng4 4. Nf3 Nc6 5. Nc3 Bc5 6. e3 Ngxe5 7. Be2 Nxf3+
8. Bxf3 Ne5 9. O-O d6 10. b3 Nxf3+ 11. Qxf3 O-O 12. Bb2 Rb8 13. Rad1 Bd7 14.
Qg3 Bf5 $4 {Diagram [#]} (14... f6 $14) 15. Ne4 $1 1-0

[Event "Mechanics' Shipman TNM; G/2 d/5"]
[Site "San Francisco"]
[Date "2018.09.25"]
[Round "8.16"]
[White "Pham, Tam Phu"]
[Black "Cortinas, Martin A"]
[Result "1-0"]
[WhiteElo "1539"]
[BlackElo "1719"]
[PlyCount "57"]
[EventDate "2018.??.??"]
[Source "ChessBase"]
[SourceDate "2007.09.04"]

1. e4 c6 2. Nc3 d5 3. Nf3 Bg4 4. h3 Bxf3 5. Qxf3 e6 6. d4 dxe4 7. Qxe4 Nf6 8.
Qe3 Bd6 9. Ne4 Nxe4 10. Qxe4 Nd7 11. Qg4 Nf6 12. Qxg7 Rg8 13. Qh6 Rg6 14. Qe3
Nd5 15. Qb3 Qc7 16. Bd2 O-O-O 17. O-O-O e5 18. dxe5 Bxe5 19. g3 Qb6 20. Qxb6
Nxb6 21. Bd3 Rgd6 22. Rhe1 Bd4 23. Bf4 Rd5 24. Re7 Nd7 25. c4 Ra5 26. Kb1 Bb6
27. Rxf7 Re8 28. Rxd7 Kxd7 29. Bg6+ 1-0

[Event "Mechanics' Shipman TNM; G/2 d/5"]
[Site "San Francisco"]
[Date "2018.09.11"]
[Round "6.17"]
[White "Pham, Tam Phu"]
[Black "Poling, Scott E"]
[Result "1-0"]
[WhiteElo "1539"]
[BlackElo "1856"]
[PlyCount "36"]
[EventDate "2018.??.??"]
[Source "ChessBase"]
[SourceDate "2007.09.04"]

1. e4 c5 2. Nc3 a6 3. Nf3 e6 4. d4 cxd4 5. Nxd4 Qc7 6. Be3 Nf6 7. a3 b5 8. Qd2
Bb7 9. f3 b4 10. axb4 Bxb4 11. Be2 d5 12. e5 Nfd7 13. O-O Nxe5 14. Bf4 Bxc3 15.
bxc3 Nc4 16. Bxc7 Nxd2 17. Rfd1 Nc4 18. Rab1 Ra7 1-0

[Event "Mechanics' Vartan Bedjanian TNM; G/2 d/"]
[Site "San Francisco"]
[Date "2018.11.07"]
[Round "3.22"]
[White "Pham, Tam Phu"]
[Black "Revi, Frank"]
[Result "1-0"]
[WhiteElo "1775"]
[BlackElo "1459"]
[PlyCount "79"]
[EventDate "2018.??.??"]
[Source "ChessBase"]
[SourceDate "2007.09.04"]

1. e4 c5 2. Nc3 e6 3. g3 Nc6 4. Bg2 d6 5. Nge2 Qc7 6. d3 Nf6 7. O-O a6 8. h3 b5
9. Qe1 b4 10. Nd1 e5 11. f4 Bb7 12. Ne3 Ne7 13. fxe5 dxe5 14. g4 Ng6 15. Nf5
Rd8 16. Be3 c4 17. Rd1 Ne7 18. Nfg3 Ng6 19. Qf2 Rd7 20. Bb6 Qc6 21. dxc4 Qxc4
22. Rxd7 Nxd7 23. b3 Qe6 24. Be3 Be7 25. Nf5 O-O 26. Neg3 Nh4 27. Nxe7+ Qxe7
28. Bh1 Ng6 29. Nf5 Qe6 30. Qd2 Nf6 31. Qxb4 Bc8 32. Rd1 Qc6 33. c4 Nxe4 {[#]}
34. Qxf8+ Kxf8 35. Rd8+ Qe8 36. Rxe8+ Kxe8 37. Bxe4 Bxf5 38. Bxf5 Nh4 39. Be4
g5 40. Bxg5 1-0

[Event "Mechanics' Bedjanian TNM; G/2 d/5"]
[Site "San Francisco"]
[Date "2018.10.23"]
[Round "1.29"]
[White "Pham, Tam Phu"]
[Black "Thibault, William"]
[Result "1-0"]
[WhiteElo "1775"]
[BlackElo "1126"]
[PlyCount "75"]
[EventDate "2018.??.??"]
[Source "ChessBase"]
[SourceDate "2007.09.04"]

1. e4 c6 2. Nc3 d5 3. Nf3 dxe4 4. Nxe4 Bf5 5. Ng3 Bg6 6. h4 h6 7. Bc4 e6 8. d3
Nd7 9. Bd2 Qc7 10. h5 Bh7 11. Bc3 Ngf6 12. Qe2 Bd6 13. Ne4 O-O-O 14. Nxd6+ Qxd6
15. O-O-O Rhe8 16. Kb1 Bg8 17. Nd2 Qe7 18. Qe3 b5 19. Bb3 b4 20. Bxf6 Nxf6 21.
Qg3 Qc5 22. Qxg7 Qxf2 23. Rhf1 Nxh5 24. Qe5 Qh4 25. Rh1 Qg5 26. Rxh5 Qxe5 27.
Rxe5 Rd7 28. Ne4 Red8 29. Nf6 Rd4 30. g3 Kc7 31. Rh5 Kd6 32. Re1 Kc7 33. Rxh6
Kb6 34. Rh8 c5 35. Rxg8 R8d6 36. Rb8+ Kc7 37. Rf8 c4 38. Bxc4 1-0

[Event "Mechanics' Shipman TNM; G/2 d/5"]
[Site "San Francisco"]
[Date "2018.08.28"]
[Round "4.19"]
[White "Pham, Tam Phu"]
[Black "Uribe, Luiz Antoni"]
[Result "0-1"]
[WhiteElo "1539"]
[BlackElo "1806"]
[PlyCount "54"]
[EventDate "2018.??.??"]
[Source "ChessBase"]
[SourceDate "2007.09.04"]

1. e4 c5 2. Nc3 Nc6 3. Bb5 Nd4 4. Bc4 e6 5. Nge2 a6 6. a4 Qc7 7. d3 g6 8. Nxd4
cxd4 9. Ne2 Bg7 10. O-O Ne7 11. Bf4 d6 12. Qd2 h5 13. h4 Nc6 14. Bh2 Bf6 15.
Qf4 $4 {[#]} Be5 16. Qd2 Bxh2+ 17. Kxh2 d5+ 18. Kg1 dxc4 19. dxc4 e5 20. f4 Bg4
21. Nc1 exf4 22. Rxf4 Ne5 23. Qxd4 Rd8 24. Qc3 Rd1+ 25. Kh2 O-O 26. g3 Qc5 27.
Nd3 Qg1# 0-1

[Event "Mechanics' Bedjanian TNM; G/2 d/5"]
[Site "San Francisco"]
[Date "2018.12.11"]
[Round "8.9"]
[White "Pham, Tam Phu"]
[Black "Vickers, Keith"]
[Result "1/2-1/2"]
[WhiteElo "1775"]
[BlackElo "2200"]
[PlyCount "92"]
[EventDate "2018.??.??"]
[Source "ChessBase"]
[SourceDate "2007.09.04"]

1. e4 d5 2. exd5 Qxd5 3. Nc3 Qd6 4. d4 Nf6 5. Nf3 c6 6. g3 Bf5 7. Bg2 h6 8. O-O
e6 9. Ne2 Be7 10. c4 O-O 11. c5 Qd8 12. Qb3 Qc8 13. Nc3 Nbd7 14. Qa4 Nd5 15.
Nxd5 exd5 16. Re1 Re8 17. b4 a6 18. Qb3 Be4 19. a4 Bf6 20. Be3 Nf8 21. b5 axb5
22. axb5 Qf5 23. Rxa8 Rxa8 24. Nd2 Bxg2 25. Kxg2 Ne6 26. bxc6 bxc6 27. Qb7 Ra2
28. Nf3 Ng5 29. Qb8+ Kh7 30. Qb1 Qc2 31. Rc1 Qxb1 32. Rxb1 Nxf3 33. Kxf3 Ra4
34. Rb6 Bxd4 35. Bxd4 Rxd4 36. Rxc6 Rc4 37. Rc8 Kg6 38. c6 Kf6 39. c7 g6 40.
Ke3 h5 41. h4 Ke7 42. Kd3 Kf6 43. Ke3 Kf5 44. Rd8 Rc3+ 45. Ke2 Rxc7 46. Rxd5+
Ke6 1/2-1/2

[Event "Mechanics' Winter TNM; G/2 d5"]
[Site "San Francisco"]
[Date "2018.01.09"]
[Round "1.25"]
[White "Poling, Scott E"]
[Black "Boldt, Tim"]
[Result "1-0"]
[WhiteElo "1841"]
[BlackElo "1329"]
[PlyCount "92"]
[EventDate "2018.??.??"]
[Source "ChessBase"]
[SourceDate "2007.09.04"]

1. d4 e6 2. c4 f5 3. Nc3 Nf6 4. Bg5 d5 5. e3 Be7 6. Nf3 O-O 7. Rc1 c6 8. Bd3
Bd7 9. O-O Be8 10. cxd5 Nxd5 11. Bxe7 Qxe7 12. Qb3 Na6 13. Bxa6 bxa6 14. Na4
Qb4 15. Qxb4 Nxb4 16. a3 Nd5 17. Nc5 Nc7 18. Ne5 f4 19. Ncd7 Bxd7 20. Nxd7 Rfd8
21. Ne5 fxe3 22. fxe3 Nd5 23. Rfe1 Ne7 24. Nxc6 Nxc6 25. Rxc6 Re8 26. Rxa6 Re7
27. Rc1 Rd8 28. Rc5 Rd5 29. b4 Rdd7 30. Kf2 Kf7 31. Kf3 Rb7 32. e4 h6 33. Kf4
Red7 34. Ke5 Rb6 35. Rxb6 axb6 36. Rc6 b5 37. Rxe6 Rxd4 38. Kxd4 Kxe6 39. g4
Kd6 40. h4 g6 41. e5+ Kc6 42. Ke4 Kd7 43. Kd5 h5 44. g5 Ke7 45. Kc5 Ke6 46.
Kxb5 Kxe5 1-0

[Event "Mechanics' Summer TNM; G/2 d5"]
[Site "San Francisco"]
[Date "2018.07.10"]
[Round "7.10"]
[White "Poling, Scott E"]
[Black "Clemens, Kristian"]
[Result "1/2-1/2"]
[WhiteElo "1842"]
[BlackElo "1963"]
[PlyCount "111"]
[EventDate "2018.??.??"]
[Source "ChessBase"]
[SourceDate "2007.09.04"]

1. d4 d5 2. c4 e6 3. Nc3 Be7 4. cxd5 exd5 5. Bf4 c6 6. Qc2 Nf6 7. h3 g6 8. e3
Bf5 9. Qd2 Bb4 10. f3 Nbd7 11. g4 Be6 12. a3 Ba5 13. b4 Bc7 14. Qh2 Rc8 15. Rc1
Bxf4 16. Qxf4 a5 17. b5 Qe7 18. bxc6 bxc6 19. Bd3 Qxa3 20. Nge2 Qe7 21. Nb5 O-O
22. Na7 Qb4+ 23. Kf2 Ra8 24. Nxc6 Qb6 25. Rc3 Qb2 26. h4 Kg7 27. h5 Ng8 28.
hxg6 fxg6 29. Qg5 Ndf6 30. Rb1 Qa2 31. Rb7+ Rf7 32. Rxf7+ Bxf7 33. Ne5 Ra7 34.
Nxf7 Rxf7 35. Qe5 Re7 36. Rc7 Qa3 37. g5 Rxc7 38. gxf6+ Nxf6 39. Qxc7+ Kf8 40.
Qc5+ Qxc5 41. dxc5 Ke7 42. Nd4 Nd7 43. Nc6+ Ke6 44. Nxa5 Nxc5 45. Bc2 Kd6 46.
Nb3 Nd7 47. Kg3 Ne5 48. Nd2 Ke6 49. Kf4 h6 50. Kg3 g5 51. Bb3 Kd6 52. f4 gxf4+
53. exf4 Nd3 54. f5 Ke5 55. Bc2 Nb4 56. Bb1 1/2-1/2

[Event "Mechanics' Winter TNM; G/2 d5"]
[Site "San Francisco"]
[Date "2018.02.20"]
[Round "7.11"]
[White "Poling, Scott E"]
[Black "Davies, Vinzent J"]
[Result "0-1"]
[WhiteElo "1841"]
[BlackElo "2015"]
[Annotator "Donaldson"]
[PlyCount "42"]
[EventDate "2018.??.??"]
[Source "ChessBase"]
[SourceDate "2007.09.04"]

1. d4 Nf6 2. c4 e6 3. Nc3 b6 4. e4 d6 5. Bd3 Be7 6. Nf3 Bb7 7. O-O c5 8. d5 e5
9. g3 Na6 10. a3 O-O 11. Nh4 Bc8 12. Nf5 Re8 13. Nxe7+ Qxe7 14. f4 Bh3 15. Re1
Nc7 16. fxe5 dxe5 17. Bf1 Bg4 18. Be2 Bxe2 19. Rxe2 Red8 20. Rf2 Ne6 21. Bg5 $4
(21. Qf1 $1 Nd4 $2 22. Bg5 $16) 21... Nxg5 0-1

[Event "Mechanics' Shipman TNM; G/2 d/5"]
[Site "San Francisco"]
[Date "2018.09.04"]
[Round "5.18"]
[White "Poling, Scott E"]
[Black "Francis, Daniel E"]
[Result "1-0"]
[WhiteElo "1856"]
[BlackElo "1566"]
[PlyCount "125"]
[EventDate "2018.??.??"]
[Source "ChessBase"]
[SourceDate "2007.09.04"]

1. d4 d5 2. c4 e5 3. dxe5 d4 4. Nf3 Nc6 5. a3 Nge7 6. b4 Ng6 7. Bb2 a5 8. b5
Ncxe5 9. Nxe5 Nxe5 10. e3 Be6 11. Bxd4 Nxc4 12. Qc2 Nd6 13. Bd3 Qd7 14. Nc3 Nf5
15. Be5 f6 16. Bg3 Nxg3 17. hxg3 f5 18. Ne2 Bd6 19. Nd4 g6 20. Bc4 Bf7 21. Qb3
a4 22. Qa2 Qe7 23. Bxf7+ Qxf7 24. Qxf7+ Kxf7 25. Ke2 h5 26. Rac1 Bxa3 27. Rxc7+
Kf6 28. Ra1 Bb2 29. Ra2 Bxd4 30. exd4 Ra7 31. b6 Ra6 32. Rxb7 Re8+ 33. Kd3 Re6
34. Kc4 Rexb6 35. Rxb6+ Rxb6 36. Kc5 Ra6 37. Kb5 Ra8 38. Rxa4 Rb8+ 39. Kc6 Rb2
40. f4 Rxg2 41. Ra3 Rc2+ 42. Kd6 Rd2 43. d5 g5 44. Re3 gxf4 45. gxf4 Rd4 46.
Re6+ Kf7 47. Ke5 Rd1 48. Rh6 Re1+ 49. Kxf5 Rd1 50. Ke5 Re1+ 51. Kd6 Rf1 52.
Rxh5 Rxf4 53. Re5 Rf1 54. Kd7 Rd1 55. d6 Rd2 56. Rf5+ Kg6 57. Rf1 Kg7 58. Ke7
Re2+ 59. Kd8 Rd2 60. d7 Rd3 61. Rf5 Rd1 62. Ke7 Re1+ 63. Kd6 1-0

[Event "Mechanics' Vartan Bedjanian TNM; G/2 d/"]
[Site "San Francisco"]
[Date "2018.11.07"]
[Round "3.19"]
[White "Poling, Scott E"]
[Black "Kim, Andy"]
[Result "1-0"]
[WhiteElo "1823"]
[BlackElo "1532"]
[PlyCount "71"]
[EventDate "2018.??.??"]
[Source "ChessBase"]
[SourceDate "2007.09.04"]

1. d4 d5 2. c4 e6 3. Nc3 Nf6 4. cxd5 exd5 5. Bg5 Nbd7 6. e3 c6 7. Bd3 h6 8. Bh4
Be7 9. Nge2 O-O 10. O-O Nh7 11. Bxe7 Qxe7 12. Rb1 Ndf6 13. b4 Bg4 14. Qc2 Ng5
15. Nf4 Nh5 16. Nxh5 Bxh5 17. b5 Nf3+ 18. Kh1 Qh4 19. h3 Ng5 20. Be2 Nxh3 21.
gxh3 Qxh3+ 22. Kg1 Bg6 23. Qd1 Bxb1 24. Nxb1 Rfe8 25. Bg4 Qh4 26. Qf3 Re4 27.
Bh3 g5 28. Bf5 Rae8 29. Kg2 g4 30. Qg3 Qe7 31. Nd2 h5 32. Nxe4 dxe4 33. Qf4 Kg7
34. bxc6 bxc6 35. Rc1 Qh4 36. Rh1 1-0